|
|
|
|
| LEADER |
00000nab a2200000 a 4500 |
| 001 |
vtls000899465 |
| 003 |
SK-MaSNL |
| 005 |
20260305014014.0 |
| 008 |
040720e19980302xo 0 slo |
| 035 |
|
|
|a KE8470
|
| 040 |
|
|
|a KEVKJB
|b slo
|c KEVKJB
|e AACR2
|
| 041 |
0 |
|
|a slo
|
| 044 |
|
|
|a xo
|c SK
|
| 080 |
|
|
|a 069
|2 1981
|
| 080 |
|
|
|a 73/76
|2 1981
|
| 245 |
0 |
0 |
|a Na deň i hodinu
|b Východoslovenská galéria oslávila narodeniny
|
| 610 |
2 |
7 |
|a Východoslovenská galéria (Košice, Slovensko)
|2 KEVKJB
|9 29814
|
| 610 |
2 |
7 |
|a Galéria Júliusa Jakobyho (Košice, Slovensko)
|2 KEVKJB
|9 29565
|
| 650 |
0 |
7 |
|a výročie založenia 45.
|2 KEVKJB
|9 873876
|
| 650 |
0 |
7 |
|a oslavy
|2 KEVKJB
|9 484766
|
| 650 |
0 |
7 |
|a informácie
|2 KEVKJB
|9 1285
|
| 651 |
|
7 |
|a Košice (Slovensko)
|2 KEVKJB
|9 18694
|
| 651 |
|
7 |
|a KE,
|2 KEVKJB
|9 877256
|
| 655 |
|
7 |
|a periodikum
|2 snkbucl
|9 29553
|
| 700 |
0 |
|
|a na
|4 iní
|9 851278
|
| 710 |
2 |
|
|a Východoslovenská galéria (Košice, Slovensko)
|4 aut
|9 29814
|
| 773 |
0 |
8 |
|t Košický večer
|g Roč. 9
|g Roč. 30, č.41, 2.3.1998, s. 2
|
| 852 |
|
|
|a ZVYKNI
|b KIS3GCP
|
| 999 |
|
|
|c 3267154
|d 3269084
|